Statistiques concernant Top 15 des pays avec les décès de Covid-19 - 13 octobre 2021

Cliquez ici pour prendre le quiz!

Statistiques générales

  • Ce quiz a été pris 16 fois
  • Le résultat moyen est 12 sur 25

Statistiques - réponses

pays% Correct
France
100%
Etats-Unis
93%
Allemagne
80%
Argentine
80%
Brésil
80%
Italie
73%
Russie
73%
Inde
67%
Mexique
67%
Royaume-Uni
60%
Belgique
53%
Iran
53%
Colombie
47%
Hongrie
33%
Pérou
33%
Afrique du Sud
27%
Indonésie
27%
Slovaquie
27%
Tchèquie
27%
Bulgarie
20%
Paraguay
20%
Slovénie
20%
Bosnie-Herzégovine
13%
Macédoine du Nord
7%
Géorgie
0%

Distribution des résultats

Percentile par nombre de réponses

% des personnes avec chaque résultat

Votre développement - résultats

Vous n’avez pas pris ce quiz